|
|
|
|
| LEADER |
01000caa a2200265 c 4500 |
| 001 |
098773003 |
| 003 |
DE-627 |
| 005 |
20240604173320.0 |
| 007 |
tu |
| 008 |
061003s1938 xx ||||| 00| ||ita c |
| 035 |
|
|
|a (DE-627)098773003
|
| 035 |
|
|
|a (DE-599)GBV098773003
|
| 040 |
|
|
|a DE-627
|b ger
|c DE-627
|e rakwb
|
| 041 |
|
|
|a ita
|
| 100 |
1 |
|
|a Vaccari, Pieto
|e verfasserin
|4 aut
|
| 245 |
1 |
0 |
|a Nota sul diritto canonico nei suoi rapporti col diritto civile nei secoli XII - XIV
|c von Pietro Vaccari
|
| 264 |
|
1 |
|c 1938
|
| 336 |
|
|
|a Text
|b txt
|2 rdacontent
|
| 337 |
|
|
|a ohne Hilfsmittel zu benutzen
|b n
|2 rdamedia
|
| 338 |
|
|
|a Band
|b nc
|2 rdacarrier
|
| 500 |
|
|
|a S. 348-363
|
| 700 |
1 |
|
|a Vaccari, Pietro
|4 oth
|
| 773 |
0 |
8 |
|i In
|t Festschrift Ulrich Stutz zum siebzigsten Geburtstag
|d Weimar : Böhlau, 1938
|g (1938), Seite 348-363
|h VI, 763 S.
|w (DE-627)019790945
|7 nnam
|
| 773 |
1 |
8 |
|g year:1938
|g pages:348-363
|
| 889 |
|
|
|w (DE-627)250823748
|
| 912 |
|
|
|a GBV_USEFLAG_U
|
| 912 |
|
|
|a GBV_ILN_22
|
| 912 |
|
|
|a ISIL_DE-18
|
| 912 |
|
|
|a SYSFLAG_1
|
| 912 |
|
|
|a GBV_KXP
|
| 912 |
|
|
|a GBV_ILN_24
|
| 912 |
|
|
|a GBV_ILN_31
|
| 912 |
|
|
|a GBV_ILN_39
|
| 912 |
|
|
|a GBV_ILN_40
|
| 912 |
|
|
|a GBV_ILN_60
|
| 912 |
|
|
|a GBV_ILN_72
|
| 912 |
|
|
|a GBV_ILN_179
|
| 912 |
|
|
|a GBV_ILN_217
|
| 912 |
|
|
|a GBV_ILN_350
|
| 912 |
|
|
|a GBV_ILN_22_i30908
|
| 912 |
|
|
|a GBV_ILN_350
|
| 912 |
|
|
|a ISIL_DE-2795
|
| 912 |
|
|
|a GBV_ILN_350_
|
| 935 |
|
|
|i mdedup
|
| 951 |
|
|
|a AR
|
| 952 |
|
|
|j 1938
|h 348-363
|
| 980 |
|
|
|2 22
|1 01
|x 0018
|b 308426363
|y zi30908
|z 04-11-98
|
| 980 |
|
|
|2 350
|1 01
|x 8293
|b 097991384
|c 00
|f DHIP
|d --%%--
|e i
|j --%%--
|y n
|z 06-02-06
|